[Event "14.Zlata Praha-B"]
[Site "Praha"]
[Date "2018.06.30"]
[Round "1.1"]
[White "Gregor, Jiri"]
[Black "Fiser, Jiri"]
[Result "1-0"]
[WhiteElo "2290"]
[BlackElo "1914"]
[PlyCount "51"]
[EventDate "2018.06.30"]
[EventType "swiss"]
[EventRounds "9"]
[EventCountry "CZE"]

1. d4 f5 2. Nh3 Nf6 3. Bg5 d5 4. e3 e6 5. Nf4 Bd6 6. h4 Qe7 7. Bd3 Nc6 8. c3
Bd7 9. Nd2 O-O-O 10. Nf3 Qf7 11. Qc2 h6 12. Bxf6 Qxf6 13. h5 Ne7 14. O-O-O e5
15. dxe5 Bxe5 16. Nxe5 Qxe5 17. Be2 c5 18. Rd2 Bc6 19. Rhd1 Rd7 20. Qb3 Rhd8
21. Bf3 Kb8 22. g3 Rd6 23. Nd3 c4 24. Qxb7+ Kxb7 25. Nxe5 Be8 26. Nxc4 1-0

[Event "14.Zlata Praha-B"]
[Site "Praha"]
[Date "2018.06.30"]
[Round "1.2"]
[White "Kronowetter, Borivoj"]
[Black "Pribyl, Josef"]
[Result "1-0"]
[WhiteElo "1895"]
[BlackElo "2263"]
[PlyCount "65"]
[EventDate "2018.06.30"]
[EventType "swiss"]
[EventRounds "9"]
[EventCountry "CZE"]

1. e4 c6 2. Nc3 d5 3. Nf3 Bg4 4. h3 Bxf3 5. Qxf3 Nf6 6. g3 e6 7. Bg2 Nbd7 8.
O-O Bc5 9. d3 O-O 10. Kh1 b5 11. exd5 exd5 12. Bf4 Re8 13. g4 Ne5 14. Qd1 Ng6
15. Bg3 Bd6 16. Qd2 Bxg3 17. fxg3 Qd6 18. Qf2 Re7 19. Ne2 c5 20. b4 cxb4 21.
Nd4 Qb6 22. g5 Nd7 23. Bxd5 Rf8 24. Nc6 Qxf2 25. Rxf2 Re3 26. Raf1 Nde5 27.
Nxe5 Nxe5 28. d4 Rd8 29. dxe5 Rxd5 30. Rxf7 Rd8 31. Rxa7 Rxg3 32. e6 Rxg5 33.
Raf7 1-0

[Event "14.Zlata Praha-B"]
[Site "Praha"]
[Date "2018.06.30"]
[Round "1.3"]
[White "Drabek, Vojtech"]
[Black "Nemecek, Pavel st."]
[Result "1-0"]
[WhiteElo "2130"]
[BlackElo "1886"]
[PlyCount "57"]
[EventDate "2018.06.30"]
[EventType "swiss"]
[EventRounds "9"]
[EventCountry "CZE"]

1. d4 Nf6 2. c4 g6 3. Nc3 Bg7 4. g3 d6 5. Bg2 O-O 6. Nf3 c6 7. O-O Nbd7 8. e4
e5 9. b3 a5 10. Ba3 exd4 11. Nxd4 Nc5 12. Qd2 Re8 13. Rfe1 Qb6 14. Rad1 Ng4 15.
h3 Ne5 16. Nc2 Ncd3 17. Re3 Bh6 18. f4 Nxf4 19. gxf4 Bxf4 20. Bxd6 Bxh3 21.
Bxe5 Bxe5 22. Na4 Qa7 23. Bxh3 b5 24. cxb5 cxb5 25. Nc3 Bf4 26. Nd5 Rad8 27.
Qf2 Bxe3 28. Ncxe3 Rd6 29. Bg2 1-0

[Event "14.Zlata Praha-B"]
[Site "Praha"]
[Date "2018.06.30"]
[Round "1.4"]
[White "Pokorny, Jan"]
[Black "Krivanek, Vladimir"]
[Result "1/2-1/2"]
[WhiteElo "1879"]
[BlackElo "2109"]
[PlyCount "63"]
[EventDate "2018.06.30"]
[EventType "swiss"]
[EventRounds "9"]
[EventCountry "CZE"]

1. Nf3 c5 2. e4 g6 3. Bc4 Bg7 4. c3 Nf6 5. e5 Ng4 6. Bxf7+ Kxf7 7. Ng5+ Kg8 8.
Qxg4 Bxe5 9. Qc4+ e6 10. d4 cxd4 11. cxd4 Bf6 12. Ne4 Kg7 13. Nxf6 Qxf6 14. O-O
b6 15. Rd1 Ba6 16. Qc3 Nc6 17. d5 Ne5 18. f4 Nc4 19. dxe6 Rhd8 20. e7 Re8 21.
b3 Qxc3 22. Nxc3 Na5 23. Nd5 Rac8 24. Ba3 Bb7 25. Bd6 Bxd5 26. Rxd5 Kf7 27. Re1
Rc2 28. f5 Nb7 29. fxg6+ hxg6 30. Bb4 d6 31. Rf1+ Kxe7 32. Rfd1 1/2-1/2

[Event "14.Zlata Praha-B"]
[Site "Praha"]
[Date "2018.06.30"]
[Round "1.5"]
[White "Groh, Jiri"]
[Black "Koper, Stefan"]
[Result "1-0"]
[WhiteElo "2097"]
[BlackElo "1841"]
[PlyCount "63"]
[EventDate "2018.06.30"]
[EventType "swiss"]
[EventRounds "9"]
[EventCountry "CZE"]

1. Nf3 g6 2. g3 Bg7 3. Bg2 c5 4. O-O Nc6 5. c4 e5 6. Nc3 d6 7. a3 Nge7 8. Rb1
O-O 9. b4 Nd4 10. Bb2 Rb8 11. e3 Nxf3+ 12. Bxf3 b6 13. Nd5 Nxd5 14. Bxd5 Bb7
15. Qf3 Bxd5 16. Qxd5 Qe7 17. d4 Rfc8 18. Rfd1 cxd4 19. exd4 Qe6 20. Qxe6 fxe6
21. dxe5 dxe5 22. Rd7 a5 23. Rxg7+ Kxg7 24. Bxe5+ Kf7 25. Bxb8 Rxb8 26. bxa5
Ke7 27. axb6 Kd7 28. a4 Kc6 29. a5 Kb7 30. c5 Rc8 31. a6+ Kxa6 32. c6 1-0

[Event "14.Zlata Praha-B"]
[Site "Praha"]
[Date "2018.06.30"]
[Round "1.6"]
[White "Stepanek, Svatopluk"]
[Black "Rudiano, Nicolas"]
[Result "0-1"]
[WhiteElo "1841"]
[BlackElo "2053"]
[PlyCount "56"]
[EventDate "2018.06.30"]
[EventType "swiss"]
[EventRounds "9"]
[EventCountry "CZE"]

1. d4 d5 2. Bf4 Nf6 3. e3 c5 4. c3 cxd4 5. exd4 Nc6 6. Nd2 Bf5 7. Ngf3 e6 8.
Nh4 Bg4 9. f3 Bh5 10. g3 Be7 11. Ng2 O-O 12. Bd3 Bg6 13. Bxg6 hxg6 14. Qe2 Qb6
15. Nb3 a5 16. O-O a4 17. Nc1 Rfc8 18. Nd3 Na5 19. Kh1 Nc4 20. Ne3 a3 21. Rab1
axb2 22. Nxb2 Nxe3 23. Qxe3 Rxa2 24. Nc4 Qa6 25. Rb6 Qxc4 26. Rfb1 Re2 27. Qc1
Qd3 28. Rxb7 Qxf3+ 0-1

[Event "14.Zlata Praha-B"]
[Site "Praha"]
[Date "2018.06.30"]
[Round "1.7"]
[White "Salac, Jiri"]
[Black "Feierfeil, Jiri"]
[Result "1-0"]
[WhiteElo "2007"]
[BlackElo "1807"]
[PlyCount "73"]
[EventDate "2018.06.30"]
[EventType "swiss"]
[EventRounds "9"]
[EventCountry "CZE"]

1. d4 Nf6 2. g3 d5 3. Bg2 c6 4. Nd2 Bf5 5. c4 e6 6. Ngf3 h6 7. O-O Nbd7 8. Re1
Be7 9. b3 O-O 10. Bb2 Bb4 11. a3 Bxd2 12. Nxd2 Rc8 13. f3 Re8 14. e4 dxe4 15.
Nxe4 Qc7 16. c5 Nxe4 17. fxe4 Bg6 18. b4 Rcd8 19. Qb3 a6 20. d5 exd5 21. exd5
cxd5 22. Qxd5 b5 23. Qb7 Qxb7 24. Bxb7 Nb8 25. c6 Nxc6 26. Bxc6 Re6 27. Rxe6
fxe6 28. Be5 Rd2 29. Bb7 Re2 30. Bc3 Rc2 31. Be1 Be8 32. Bf2 Rc3 33. Bxa6 Bc6
34. a4 bxa4 35. b5 Be4 36. b6 Rb3 37. Bc4 1-0

[Event "14.Zlata Praha-B"]
[Site "Praha"]
[Date "2018.06.30"]
[Round "1.8"]
[White "Konvalinka, Vladislav"]
[Black "Janacek, Jaroslav"]
[Result "0-1"]
[WhiteElo "1725"]
[BlackElo "1989"]
[PlyCount "86"]
[EventDate "2018.06.30"]
[EventType "swiss"]
[EventRounds "9"]
[EventCountry "CZE"]

1. d4 d6 2. c4 e5 3. dxe5 dxe5 4. Qc2 Nc6 5. Nf3 Nf6 6. Nc3 Bg4 7. Ng5 h6 8.
Nge4 Nxe4 9. Qxe4 f5 10. Qd5 Qxd5 11. Nxd5 Bb4+ 12. Bd2 Bxd2+ 13. Kxd2 O-O-O
14. Kc3 f4 15. e3 g5 16. Bd3 a5 17. a3 Rhf8 18. Rhf1 Rde8 19. b4 Be6 20. Be4
Bxd5 21. Bxd5 axb4+ 22. axb4 Nb8 23. Bf3 c6 24. Rad1 Kc7 25. c5 Nd7 26. g3 Nf6
27. exf4 gxf4 28. Bg2 e4 29. Rd4 f3 30. Bh3 Nd5+ 31. Kd2 Re5 32. Re1 Rfe8 33.
Bf1 R8e7 34. Bh3 Rh5 35. Bg4 Rxh2 36. Rexe4 Rxf2+ 37. Ke1 Rxe4+ 38. Rxe4 Re2+
39. Rxe2 fxe2 40. Bxe2 Nxb4 41. Kd2 Na6 42. Bxa6 bxa6 43. Kc3 Kd7 0-1

[Event "14.Zlata Praha-B"]
[Site "Praha"]
[Date "2018.06.30"]
[Round "1.9"]
[White "Sargsyan, Karen"]
[Black "Cabart, Pavel"]
[Result "1-0"]
[WhiteElo "1961"]
[BlackElo "1724"]
[PlyCount "29"]
[EventDate "2018.06.30"]
[EventType "swiss"]
[EventRounds "9"]
[EventCountry "CZE"]

1. e4 c5 2. c3 d5 3. exd5 Qxd5 4. Nf3 g6 5. d4 Bg7 6. Be2 Nf6 7. O-O cxd4 8.
cxd4 O-O 9. Nc3 Qd8 10. Qb3 Nc6 11. Rd1 a6 12. h3 Qc7 13. Be3 Bf5 14. d5 Na5
15. Qb6 1-0

[Event "14.Zlata Praha-B"]
[Site "Praha"]
[Date "2018.06.30"]
[Round "1.10"]
[White "Krnak, Vladimir"]
[Black "Nemecek, Pavel ml."]
[Result "1-0"]
[WhiteElo "1712"]
[BlackElo "1383"]
[PlyCount "71"]
[EventDate "2018.06.30"]
[EventType "swiss"]
[EventRounds "9"]
[EventCountry "CZE"]

1. d4 d5 2. Nf3 e6 3. e3 Nf6 4. Bd3 Nc6 5. a3 Bd6 6. Nbd2 O-O 7. O-O b6 8. Re1
Bb7 9. h3 Rc8 10. b4 Ne7 11. Rb1 h6 12. Qe2 Qd7 13. Bb2 Ng6 14. Bxg6 fxg6 15.
Qd3 Ne4 16. Qb3 c6 17. Nxe4 dxe4 18. Ne5 Bxe5 19. dxe5 Qf7 20. Re2 Rcd8 21. Bd4
Kh7 22. c4 Rd7 23. Qc2 c5 24. bxc5 bxc5 25. Bxc5 Rfd8 26. Bd6 Ba6 27. Rd2 Rc8
28. Rb4 Rb7 29. Rd4 Rxb4 30. axb4 h5 31. c5 Bb5 32. Qxe4 Bc6 33. Qb1 Qb7 34.
Rh4 Kg8 35. Qxg6 a6 36. Qxe6+ 1-0

[Event "14.Zlata Praha-B"]
[Site "Praha"]
[Date "2018.06.30"]
[Round "1.11"]
[White "Gacho, Ondrej"]
[Black "Vit, Zdenek"]
[Result "0-1"]
[WhiteElo "1337"]
[BlackElo "1707"]
[PlyCount "82"]
[EventDate "2018.06.30"]
[EventType "swiss"]
[EventRounds "9"]
[EventCountry "CZE"]

1. c4 e5 2. Nc3 Nf6 3. Nf3 Nc6 4. g3 d5 5. cxd5 Nxd5 6. Bg2 Be6 7. O-O Be7 8.
d3 Nb6 9. a3 f6 10. Bd2 O-O 11. Be3 Qd7 12. b4 Nd5 13. Bd2 Nxc3 14. Bxc3 Nd8
15. d4 e4 16. Nd2 f5 17. Nb3 b6 18. Qd2 Bxb3 19. f3 Bd5 20. Qe3 Nf7 21. fxe4
fxe4 22. Bxe4 Bxe4 23. Qxe4 Bf6 24. Rf4 Rae8 25. Qc2 Bg5 26. Rf5 Be3+ 27. Kg2
Qe6 28. Rf3 Qd5 29. h4 Nd6 30. Qd3 Nb5 31. Bb2 Rxf3 32. exf3 Bh6 33. a4 Nd6 34.
a5 Nc4 35. Bc3 Re3 36. Qc2 Qxf3+ 37. Kg1 Rxc3 38. Qb1 Qxg3+ 39. Kf1 Ne3+ 40.
Ke2 Qg2+ 41. Ke1 Qf1+ 0-1

[Event "14.Zlata Praha-B"]
[Site "Praha"]
[Date "2018.06.30"]
[Round "1.12"]
[White "Rosenbaumova, Lea"]
[Black "Tesar, Jakub"]
[Result "1-0"]
[WhiteElo "1662"]
[BlackElo "1299"]
[PlyCount "71"]
[EventDate "2018.06.30"]
[EventType "swiss"]
[EventRounds "9"]
[EventCountry "CZE"]

1. e4 e5 2. Nf3 Nc6 3. Bb5 a6 4. Ba4 Nf6 5. O-O d6 6. Re1 Bg4 7. c3 g6 8. d3
Bg7 9. h3 Bd7 10. Nbd2 O-O 11. Nf1 Ne7 12. Bc2 Bb5 13. Ng3 c6 14. a4 Bxd3 15.
Qxd3 Nd7 16. Be3 f5 17. Bg5 Nc5 18. Qc4+ Kh8 19. b4 Nxe4 20. Nxe4 d5 21. Qc5
fxe4 22. Bxe7 b6 23. Qd6 Qxd6 24. Bxd6 exf3 25. Bxf8 Rxf8 26. gxf3 Rxf3 27. Re3
Rxe3 28. fxe3 e4 29. Ra3 Kg8 30. Bd1 h5 31. Be2 b5 32. axb5 axb5 33. Kf1 Kf7
34. Ke1 Ke6 35. Kd2 Kd6 36. Ra6 1-0

[Event "14.Zlata Praha-B"]
[Site "Praha"]
[Date "2018.06.30"]
[Round "1.13"]
[White "Rous, Dominik"]
[Black "Kosar, Milan"]
[Result "0-1"]
[WhiteElo "1226"]
[BlackElo "1659"]
[PlyCount "74"]
[EventDate "2018.06.30"]
[EventType "swiss"]
[EventRounds "9"]
[EventCountry "CZE"]

1. d4 Nf6 2. Bf4 c5 3. c3 Qa5 4. e3 cxd4 5. exd4 e6 6. Nf3 d5 7. Bxb8 Rxb8 8.
Qb3 Bd7 9. Ne5 Ba4 10. Bb5+ Qxb5 11. Qxb5+ Bxb5 12. Nd2 Bd6 13. c4 dxc4 14.
Ndxc4 Bxc4 15. Nxc4 Bb4+ 16. Nd2 Bxd2+ 17. Kxd2 Rd8 18. Kc3 Ne4+ 19. Kc2 Nxf2
20. Rhf1 Ng4 21. Rf4 Nf6 22. Raf1 O-O 23. Kb3 Rc8 24. Re1 Rc7 25. Re5 Rfc8 26.
Rg5 h6 27. Rc5 Rxc5 28. dxc5 Rxc5 29. Ra4 a6 30. Rb4 Rb5 31. Rxb5 axb5 32. Kb4
e5 33. Kxb5 e4 34. Kc4 e3 35. Kd3 Nd5 36. a3 Kf8 37. b4 Ke7 0-1

[Event "14.Zlata Praha-B"]
[Site "Praha"]
[Date "2018.06.30"]
[Round "1.14"]
[White "Mach, Petr"]
[Black "Tichy, Tomas"]
[Result "1-0"]
[WhiteElo "1656"]
[BlackElo "1180"]
[PlyCount "49"]
[EventDate "2018.06.30"]
[EventType "swiss"]
[EventRounds "9"]
[EventCountry "CZE"]

1. e4 c5 2. Nf3 g6 3. d4 cxd4 4. Qxd4 Nf6 5. e5 Nc6 6. Qc4 Qa5+ 7. Bd2 d5 8.
Qxc6+ bxc6 9. Bxa5 Ne4 10. Nc3 Nxc3 11. Bxc3 a6 12. e6 f6 13. O-O-O Bxe6 14.
Re1 Bf7 15. Bxf6 Rg8 16. Ng5 h6 17. Nxf7 Kxf7 18. Bh4 g5 19. Bg3 Bg7 20. Bd3 c5
21. Be5 c4 22. Bf5 Bxe5 23. Rxe5 Rgd8 24. Rhe1 Rd7 25. Bxd7 1-0

[Event "14.Zlata Praha-B"]
[Site "Praha"]
[Date "2018.06.30"]
[Round "1.15"]
[White "Melnikov, Ivan"]
[Black "Nemecek, Lukas"]
[Result "0-1"]
[WhiteElo "1165"]
[BlackElo "1651"]
[PlyCount "48"]
[EventDate "2018.06.30"]
[EventType "swiss"]
[EventRounds "9"]
[EventCountry "CZE"]

1. e4 c5 2. Nf3 Nc6 3. d4 cxd4 4. Nxd4 g6 5. Nc3 Bg7 6. Be3 Nf6 7. f3 d5 8. Bb5
Bd7 9. Bxc6 Bxc6 10. Nxc6 bxc6 11. exd5 Nxd5 12. Bd4 Nxc3 13. Bxc3 Bxc3+ 14.
bxc3 Qa5 15. Qd4 O-O 16. Qb4 Qe5+ 17. Kf2 Rfd8 18. Rad1 a5 19. Qc4 Rd6 20. Rxd6
Qxd6 21. Qd3 Rd8 22. Rd1 Qc5+ 23. Qd4 Rxd4 24. Rxd4 e5 0-1

[Event "14.Zlata Praha-B"]
[Site "Praha"]
[Date "2018.06.30"]
[Round "1.16"]
[White "Zacek, Petr"]
[Black "Vavrova, Jirina"]
[Result "1-0"]
[WhiteElo "1528"]
[BlackElo "1124"]
[PlyCount "43"]
[EventDate "2018.06.30"]
[EventType "swiss"]
[EventRounds "9"]
[EventCountry "CZE"]

1. e4 e6 2. d4 d5 3. Nd2 Bb4 4. c3 Bd6 5. Ngf3 Bf4 6. e5 f6 7. exf6 Nxf6 8. Bd3
g6 9. O-O Nc6 10. Re1 Ng4 11. g3 Bh6 12. Nb3 b6 13. h3 Bxc1 14. Qxc1 Nf6 15.
Qh6 Ng8 16. Bxg6+ Kd7 17. Qg7+ Nge7 18. Bd3 Bb7 19. Qg4 h5 20. Qxe6+ Ke8 21.
Bg6+ Kf8 22. Qf7# 1-0

[Event "14.Zlata Praha-B"]
[Site "Praha"]
[Date "2018.07.01"]
[Round "2.1"]
[White "Salac, Jiri"]
[Black "Gregor, Jiri"]
[Result "0-1"]
[WhiteElo "2007"]
[BlackElo "2290"]
[PlyCount "44"]
[EventDate "2018.06.30"]
[EventType "swiss"]
[EventRounds "9"]
[EventCountry "CZE"]

1. d4 Nf6 2. g3 d5 3. Bg2 e6 4. Nd2 c5 5. c3 cxd4 6. cxd4 Nc6 7. Ngf3 Bd7 8.
O-O Be7 9. a3 a5 10. b3 Qb6 11. Bb2 O-O 12. Qb1 Rfc8 13. Rc1 Be8 14. Qd3 Na7
15. e3 Nb5 16. Ne1 Rxc1 17. Bxc1 Nd6 18. Bb2 Nfe4 19. Bc1 Bb5 20. Qb1 Nc3 21.
Qb2 Rc8 22. Kh1 Nd1 0-1

[Event "14.Zlata Praha-B"]
[Site "Praha"]
[Date "2018.07.01"]
[Round "2.2"]
[White "Janacek, Jaroslav"]
[Black "Drabek, Vojtech"]
[Result "1/2-1/2"]
[WhiteElo "1989"]
[BlackElo "2130"]
[PlyCount "107"]
[EventDate "2018.06.30"]
[EventType "swiss"]
[EventRounds "9"]
[EventCountry "CZE"]

1. Nf3 Nf6 2. c4 g6 3. b4 Bg7 4. Bb2 O-O 5. g3 d6 6. Bg2 e5 7. O-O e4 8. Nd4
Nc6 9. Nxc6 bxc6 10. d3 exd3 11. exd3 Bd7 12. Nd2 a5 13. a3 axb4 14. axb4 Rb8
15. Bc3 Bf5 16. Nb3 Bg4 17. Qc2 Qd7 18. Rfe1 Rfe8 19. Na5 d5 20. Nb3 dxc4 21.
dxc4 Bf5 22. Qb2 Rxe1+ 23. Rxe1 Nh5 24. Nd4 c5 25. Nxf5 Qxf5 26. Bxg7 Nxg7 27.
b5 Rd8 28. Bd5 Qd7 29. Qa3 Qd6 30. Qa6 Re8 31. Rd1 Qe7 32. Bc6 Rd8 33. Rxd8+
Qxd8 34. Qa7 Ne6 35. Bd5 Qd6 36. Qa6 Qe7 37. Bxe6 fxe6 38. Kg2 Kg7 39. Qc6 Kh6
40. h4 Kg7 41. f3 Kg8 42. Kh3 Kh8 43. g4 Kg7 44. g5 h6 45. f4 Kh7 46. Qe4 hxg5
47. hxg5 Qd6 48. Kg3 Kg7 49. Kf3 Qd1+ 50. Kf2 Qd2+ 51. Kf3 Qd1+ 52. Ke3 Qe1+
53. Kd3 Qb1+ 54. Ke3 1/2-1/2

[Event "14.Zlata Praha-B"]
[Site "Praha"]
[Date "2018.07.01"]
[Round "2.3"]
[White "Sargsyan, Karen"]
[Black "Groh, Jiri"]
[Result "0-1"]
[WhiteElo "1961"]
[BlackElo "2097"]
[PlyCount "48"]
[EventDate "2018.06.30"]
[EventType "swiss"]
[EventRounds "9"]
[EventCountry "CZE"]

1. c4 e6 2. e4 d5 3. exd5 exd5 4. d4 Nf6 5. Nf3 Bb4+ 6. Nbd2 O-O 7. Be2 dxc4 8.
Bxc4 Re8+ 9. Kf1 Be6 10. Bxe6 Rxe6 11. Qb3 Nc6 12. g3 Nxd4 13. Nxd4 Qxd4 14.
Nf3 Qe4 15. Kg2 Rd8 16. Rd1 Rxd1 17. Qxd1 Rd6 18. Qa4 Rd3 19. Be3 Ng4 20. Rd1
Rxe3 21. fxe3 Nxe3+ 22. Kf2 Ng4+ 23. Kg2 Qe2+ 24. Kh3 Nf2+ 0-1

[Event "14.Zlata Praha-B"]
[Site "Praha"]
[Date "2018.07.01"]
[Round "2.4"]
[White "Rudiano, Nicolas"]
[Black "Kronowetter, Borivoj"]
[Result "0-1"]
[WhiteElo "2053"]
[BlackElo "1895"]
[PlyCount "94"]
[EventDate "2018.06.30"]
[EventType "swiss"]
[EventRounds "9"]
[EventCountry "CZE"]

1. e4 c5 2. Nf3 d6 3. d4 cxd4 4. Nxd4 Nf6 5. Nc3 a6 6. Be2 e5 7. Nf3 h6 8. a4
Be6 9. h3 b6 10. Be3 Qc7 11. O-O Be7 12. Nd2 Nbd7 13. f4 exf4 14. Rxf4 Ne5 15.
Rf1 Qb7 16. Qe1 O-O 17. Qg3 Kh8 18. Rad1 Rac8 19. Qf2 Nfd7 20. Nf3 Nc4 21. Bxc4
Bxc4 22. Rfe1 b5 23. axb5 axb5 24. Nd4 b4 25. Nd5 Bxd5 26. exd5 Ne5 27. Nf5
Rfd8 28. Bd4 Qc7 29. Ra1 Rb8 30. Ra7 Rb7 31. Rxb7 Qxb7 32. Ra1 Bf6 33. Ra5 Kh7
34. Kh1 Rd7 35. b3 Bg5 36. Qe2 g6 37. Bxe5 dxe5 38. Ne3 Bxe3 39. Qxe3 Rxd5 40.
Ra7 Rd1+ 41. Kh2 Qd5 42. Qf2 Kg7 43. Ra6 Rd2 44. Qf6+ Kh7 45. Qf1 e4 46. Ra7
Kg8 47. Qa1 Qd6+ 0-1

[Event "14.Zlata Praha-B"]
[Site "Praha"]
[Date "2018.07.01"]
[Round "2.5"]
[White "Krivanek, Vladimir"]
[Black "Pribyl, Josef"]
[Result "1-0"]
[WhiteElo "2109"]
[BlackElo "2263"]
[PlyCount "95"]
[EventDate "2018.06.30"]
[EventType "swiss"]
[EventRounds "9"]
[EventCountry "CZE"]

1. e4 c6 2. Bc4 d5 3. Bb3 g6 4. Qf3 e6 5. Nc3 Bg7 6. Nge2 Nd7 7. d4 Ne7 8. Be3
b5 9. Ng3 a5 10. a3 Ba6 11. Nce2 Nb6 12. c3 Nc4 13. Bc1 Qb6 14. O-O O-O 15. Bc2
a4 16. h4 Rad8 17. e5 c5 18. h5 cxd4 19. cxd4 Rc8 20. h6 Bh8 21. Bg5 Nf5 22.
Bxf5 exf5 23. Rfe1 Bb7 24. Be7 Rfe8 25. Bb4 f6 26. e6 Qxe6 27. Nf4 Qd7 28. Nd3
Bc6 29. Nc5 Qf7 30. b3 axb3 31. Nxb3 Rxe1+ 32. Rxe1 Re8 33. Rxe8+ Qxe8 34. Qf4
Qc8 35. Nd2 Nxd2 36. Bxd2 Bd7 37. Bb4 Be6 38. Qd6 Qe8 39. Ne2 g5 40. Nc3 Kf7
41. Nxb5 Bd7 42. Nc7 Qc8 43. Nxd5 f4 44. Nb6 Qc1+ 45. Kh2 Bf5 46. Qf8+ Kg6 47.
Qxh8 f3 48. Qe8+ 1-0

[Event "14.Zlata Praha-B"]
[Site "Praha"]
[Date "2018.07.01"]
[Round "2.6"]
[White "Fiser, Jiri"]
[Black "Pokorny, Jan"]
[Result "1-0"]
[WhiteElo "1914"]
[BlackElo "1879"]
[PlyCount "77"]
[EventDate "2018.06.30"]
[EventType "swiss"]
[EventRounds "9"]
[EventCountry "CZE"]

1. e4 d6 2. d4 Nf6 3. Nc3 g6 4. Be3 Bg7 5. h3 a6 6. f4 e6 7. Qf3 c6 8. Bd3 b5
9. a3 O-O 10. Nge2 Nbd7 11. g4 Rb8 12. g5 Nh5 13. Ng3 Nxg3 14. Qxg3 c5 15. dxc5
Nxc5 16. Bxc5 dxc5 17. f5 Bb7 18. f6 Bh8 19. Rd1 Qa5 20. O-O b4 21. axb4 Qxb4
22. Qe5 a5 23. b3 Rbd8 24. Na4 Ba8 25. Nxc5 Bd5 26. Na4 Bc6 27. Qc3 Qd6 28. Be2
Qb8 29. Qe3 Bxa4 30. bxa4 Qe5 31. Rxd8 Rxd8 32. Rd1 Rf8 33. Kg2 Bxf6 34. gxf6
Qxf6 35. e5 Qe7 36. Bb5 Rc8 37. c4 Qb4 38. Rd7 Qb2+ 39. Qf2 1-0

[Event "14.Zlata Praha-B"]
[Site "Praha"]
[Date "2018.07.01"]
[Round "2.7"]
[White "Nemecek, Pavel st."]
[Black "Feierfeil, Jiri"]
[Result "1-0"]
[WhiteElo "1886"]
[BlackElo "1807"]
[PlyCount "71"]
[EventDate "2018.06.30"]
[EventType "swiss"]
[EventRounds "9"]
[EventCountry "CZE"]

1. e4 c5 2. Nc3 Nc6 3. g3 e5 4. Bg2 d6 5. d3 Nf6 6. h3 Be6 7. f4 exf4 8. Bxf4
Ne5 9. Nd5 Nfd7 10. Qd2 b5 11. Ne2 a5 12. O-O Nb6 13. Be3 Bxd5 14. exd5 Be7 15.
Nf4 O-O 16. Rf2 Nbd7 17. Raf1 a4 18. Qe2 b4 19. Be4 Nf6 20. Bg2 Rc8 21. Bxc5
Nxd3 22. Bxd6 Bxd6 23. Nxd3 b3 24. axb3 axb3 25. cxb3 Qb6 26. Kh1 Rce8 27. Qd1
Ne4 28. Bxe4 Rxe4 29. Rxf7 Rxf7 30. Rxf7 Qd4 31. Rd7 Qxd5 32. Qf3 h6 33. Rd8+
Kh7 34. Rxd6 Re1+ 35. Nxe1 Qxd6 36. Qd3+ 1-0

[Event "14.Zlata Praha-B"]
[Site "Praha"]
[Date "2018.07.01"]
[Round "2.8"]
[White "Koper, Stefan"]
[Black "Konvalinka, Vladislav"]
[Result "1-0"]
[WhiteElo "1841"]
[BlackElo "1725"]
[PlyCount "87"]
[EventDate "2018.06.30"]
[EventType "swiss"]
[EventRounds "9"]
[EventCountry "CZE"]

1. d4 d5 2. c4 c6 3. cxd5 cxd5 4. Nc3 Nf6 5. Nf3 Nc6 6. Bf4 Ne4 7. e3 Nxc3 8.
bxc3 e6 9. Bd3 Bd6 10. Bg3 O-O 11. Nd2 e5 12. O-O e4 13. Be2 Bxg3 14. hxg3 Qe7
15. c4 dxc4 16. Bxc4 Na5 17. Be2 f5 18. Nb3 Nxb3 19. axb3 Rd8 20. Qb1 a6 21.
Ra5 Be6 22. Bc4 b5 23. Bxe6+ Qxe6 24. Qa2 Rdc8 25. Ra1 Rc6 26. Rxb5 Rac8 27.
Rc5 Rxc5 28. dxc5 Rxc5 29. Qd2 Rc8 30. Qb4 h6 31. Rd1 Kh7 32. Kh2 Qg6 33. Kg1
Qe8 34. Qd6 Qg6 35. Qd5 Rc6 36. b4 Rb6 37. Rd4 Qe6 38. Qc5 Rc6 39. Qd5 Rc1+ 40.
Kh2 Qg6 41. Qd8 Qh5+ 42. Qh4 Qe2 43. g4 g5 44. Qh5 1-0

[Event "14.Zlata Praha-B"]
[Site "Praha"]
[Date "2018.07.01"]
[Round "2.9"]
[White "Cabart, Pavel"]
[Black "Stepanek, Svatopluk"]
[Result "1-0"]
[WhiteElo "1724"]
[BlackElo "1841"]
[PlyCount "93"]
[EventDate "2018.06.30"]
[EventType "swiss"]
[EventRounds "9"]
[EventCountry "CZE"]

1. e4 e5 2. Nf3 Nc6 3. d4 exd4 4. Nxd4 Bc5 5. Nb3 Bb6 6. Nc3 d6 7. Qe2 h6 8.
Be3 Nf6 9. f3 Bd7 10. O-O-O Bxe3+ 11. Qxe3 O-O 12. g4 Ne5 13. Be2 a6 14. h4 Nh7
15. Nd4 b5 16. Nf5 Re8 17. Qd4 f6 18. g5 Bxf5 19. exf5 fxg5 20. hxg5 Qxg5+ 21.
f4 Qxf5 22. fxe5 Rxe5 23. Bd3 Qg5+ 24. Kb1 Rae8 25. a3 Qe7 26. Nd5 Qd8 27. Nf4
Nf6 28. Qg1 Rg5 29. Qh2 Ng4 30. Qh4 Ne5 31. Qh3 Ng4 32. Qh4 Ne5 33. Nh5 d5 34.
Nxg7 Rxg7 35. Qxh6 Qg5 36. Qxa6 c6 37. Qb6 Qd8 38. Qd4 Qc7 39. Qh4 Nxd3 40.
Rxd3 Qe5 41. Qh8+ Kf7 42. Rf1+ Ke7 43. Qh6 Kd7 44. Rff3 Rg1+ 45. Ka2 d4 46.
Rf7+ Kc8 47. Qxc6+ 1-0

[Event "14.Zlata Praha-B"]
[Site "Praha"]
[Date "2018.07.01"]
[Round "2.10"]
[White "Mach, Petr"]
[Black "Krnak, Vladimir"]
[Result "0-1"]
[WhiteElo "1656"]
[BlackElo "1712"]
[PlyCount "60"]
[EventDate "2018.06.30"]
[EventType "swiss"]
[EventRounds "9"]
[EventCountry "CZE"]

1. e4 e5 2. Nf3 Nc6 3. Bb5 Nf6 4. O-O Nxe4 5. Re1 Nd6 6. Ba4 Be7 7. Nxe5 Nxe5
8. Rxe5 O-O 9. d4 Bf6 10. Re1 Nf5 11. d5 g6 12. Nc3 b6 13. Ne4 Bg7 14. Bg5 f6
15. Bf4 Bb7 16. d6 c5 17. Bb3+ Kh8 18. c3 Rc8 19. Bd5 Bc6 20. Bxc6 Rxc6 21. g4
Nh4 22. Ng3 g5 23. Bc1 Rf7 24. Qd5 Qf8 25. Rd1 Qg8 26. f4 h6 27. fxg5 fxg5 28.
Be3 Rf6 29. Ne4 Qxd5 30. Rxd5 Re6 0-1

[Event "14.Zlata Praha-B"]
[Site "Praha"]
[Date "2018.07.01"]
[Round "2.11"]
[White "Vit, Zdenek"]
[Black "Zacek, Petr"]
[Result "1-0"]
[WhiteElo "1707"]
[BlackElo "1528"]
[PlyCount "49"]
[EventDate "2018.06.30"]
[EventType "swiss"]
[EventRounds "9"]
[EventCountry "CZE"]

1. e4 c5 2. Nf3 d6 3. d4 cxd4 4. Nxd4 Nf6 5. Nc3 a6 6. Be2 Nc6 7. O-O e6 8. Be3
Be7 9. Qd2 O-O 10. h3 Qc7 11. f4 b5 12. Nxc6 Qxc6 13. Bf3 Nd7 14. e5 d5 15.
Nxd5 exd5 16. Bxd5 Qc7 17. Bxa8 Bc5 18. Be4 Rd8 19. Qf2 Bxe3 20. Qxe3 Nc5 21.
Rad1 Nxe4 22. Qxe4 Qb6+ 23. Kh1 Re8 24. Qd4 g6 25. Qxb6 1-0

[Event "14.Zlata Praha-B"]
[Site "Praha"]
[Date "2018.07.01"]
[Round "2.12"]
[White "Nemecek, Lukas"]
[Black "Rosenbaumova, Lea"]
[Result "0-1"]
[WhiteElo "1651"]
[BlackElo "1662"]
[PlyCount "62"]
[EventDate "2018.06.30"]
[EventType "swiss"]
[EventRounds "9"]
[EventCountry "CZE"]

1. e4 c5 2. Nc3 Nc6 3. g3 g6 4. Bg2 Bg7 5. d3 d6 6. Be3 Nf6 7. h3 Rb8 8. Qd2 b5
9. f4 e5 10. Nf3 Nh5 11. Bf2 b4 12. Nd1 exf4 13. gxf4 Qf6 14. Be3 Nd4 15. Nf2
Nxf3+ 16. Bxf3 Ng3 17. Rg1 Qxb2 18. Qc1 Qxa1 19. Qxa1 Bxa1 20. Rxg3 Rb6 21. Bg4
Bxg4 22. hxg4 Ra6 23. f5 Rxa2 24. Kd1 Bc3 25. g5 a5 26. Ng4 Ra1+ 27. Ke2 a4 28.
e5 Re1+ 29. Kf2 a3 30. Nf6+ Kd8 31. Ne4 Bxe5 0-1